000 00510nam a2200193 a 4500
001 1770460530093
003 YourLibrary
005 20260207160834.0
008 260207s1994##################000#0#eng##
020 _a9780521378871
082 0 4 _a306.362
_bBRA
100 1 _aBradley, Keith R.,
_eauthor.
245 1 0 _aSlavery and Society at Rome :
260 _bCambridge University Press,
_c1994.
300 _a220 pages
650 0 _aHistory.
942 _cENGLISH
040 _aYourLibrary
_beng
_cYourLibrary
999 _c611208
_d611208